000 01350nam a2200217Ia 4500
003 OSt
005 20210421170737.0
008 210310s1985 ck gr 000 0 spa d
040 _aCO-JMCR
_cCO-JMCR
041 0 _aspa
082 0 4 _a343.052 /
_bB826s
_223
100 1 _aBravo González, Juan de Dios,
_915113
_eautor
245 1 3 _aEl sistema del impuesto sobre la renta y complementarios /
_cJuan de Dios Bravo González
260 _aBogotá :
_bColegio Mayor de Nuestra Señora del Rosario,
_c1985
300 _b213 páginas ;
_c23 cm.
504 _aBibliografía: página 213
505 0 _aLos impuestos del sistema -- Los contribuyentes -- Los impuestos de cada contribuyente -- Cualidades de los contribuyentes -- Hecho gravado y base gravable -- Ingresos constitutivos de renta -- Los costos -- Rentas brutales especiales -- Las deducciones -- Rentas liquidas especiales -- Rentas exentas -- Rentas gravables especiales -- Las tarifas -- Los descuentos -- El impuesto complementario de patrimonio -- El impuesto complementario de ganancias ocasionales -- Otras formas de determinación de la renta gravable -- Comparación de patrimonios -- El impuesto complementario de remesas -- Impuesto complementario de remesas
650 1 4 _aImpuesto sobre la renta
_915115
650 2 4 _aImpuesto sobre los bienes
_zColombia
_937039
942 _2ddc
_cBK
999 _c7672
_d7672